Hotel and resort management (Record no. 360536)

MARC details
000 -LEADER
fixed length control field 00469 a2200181 4500
005 - DATE & TIME
control field 20250430155157.0
008 - FIXED-LENGTH DATA ELEMENTS--GENERAL INFORMATION
fixed length control field 250430b |||||||| |||| 00| 0 eng d
020 ## - ISBN
International Standard Book Number 9781666889871
Price $ 185.00
040 ## - CATALOGING SOURCE
Original cataloging agency VIVEKANANDA LIBRARY
082 ## - DDC NUMBER
Classification number 641.94068
Book Number C633H
100 ## - MAIN ENTRY--PERSONAL NAME
Personal name Cobb, Victor
245 ## - TITLE STATEMENT
Title Hotel and resort management
260 ## - PUBLICATION, DISTRIBUTION, ETC. (IMPRINT)
Name of publisher, distributor, etc Kaufman Press
Date of publication, distribution, etc 2022
Place of publication, distribution, etc Wilmington, De
300 ## - PHYSICAL DESCRIPTION
Pages xii, 329
650 ## - Subject
Subject Hotel Management
650 ## - Subject
Subject Resort Management
942 ## - ADDED ENTRY ELEMENTS (KOHA)
Koha item type Books
Holdings
Withdrawn status Lost status Source of classification or shelving scheme Damaged status Not for loan Location (home branch) Sublocation or collection (holding branch) Shelving location Date acquired Koha issues (times borrowed) Koha full call number Accession No. Koha date last seen Koha item type
    Dewey Decimal Classification     VIVEKANANDA LIBRARY VIVEKANANDA LIBRARY IHTM Library 01/02/2025   641.94068 C633H 425138 01/02/2025 Books
© Designed and Maintained by Vivekananda Library, MDU Rohtak